Lista de referencia de los Mantodea neotropicales (Insecta: Dictyoptera) (Registro nro. 4934)

Detalles MARC
000 -CABECERA
Campo de control 01297nam a2200265 a 4500
005 - FECHA Y HORA DE LA ULTIMA TRANSACCION
Campo de control 20150105115307.0
008 - ELEMENTOS DE LONGITUD FIJA—INFORMACION GENERAL
Campo de control 140124b2005 ck ||||| |||| 00| 0 spa d
040 ## - FUENTE DE CATALOGACIÓN
Agencia transcriptora CO-BoIH
041 ## - IDIOMA
Código de idioma para texto/pista de sonido o título separado Español
044 ## - PAÍS DE PUBLICACIÓN
País de publicación Colombia
090 ## - CLASIFICACIÓN LOCAL
Colección IAVH
Consecutivo 00475
100 ## - ASIENTO PRINCIPAL--NOMBRE PERSONAL
Nombre personal Agudelo, Antonio Arnovis
245 ## - MENCION DE TITULO
Título Lista de referencia de los Mantodea neotropicales (Insecta: Dictyoptera)
260 ## - PUBLICACION, DISTRIBUCION, ETC. (PIE DE IMPRENTA)
Lugar de publicación, distribución, etc. s.l.
Nombre del editor, distribuidor, etc. Instituto Alexander von Humboldt
Fecha de publicación, distribución, etc. 2005
300 ## - DESCRIPCION FISICA
Extensión 25 p.
520 ## - NOTA DE RESUMEN, ETC.
Nota de resumen Listado de referencia actualizado sobre estos insectos extensamente distribuidos en la región Neotropical, tanto en los diferentes climas como en los ecosistemas terrestres. Se enumera la literatura pertinente adquirida y representada en 161 referencias bibliográficas. Se ingresa la información correspondiente al listado taxonómico del suborden Mantodea para el Neotrópico, con su respectiva sinonimia y distribución geográfica por países, en Brasil y Colombia. Todos los datos se han actualizado a 2004
650 ## - ASIENTO SECUNDARIO DE MATERIA - TERMINO TEMATICO
Término temático o nombre geográfico como elemento de entrada Listado de referencia
650 ## - ASIENTO SECUNDARIO DE MATERIA - TERMINO TEMATICO
Término temático o nombre geográfico como elemento de entrada Mantodea neotropicales
650 ## - ASIENTO SECUNDARIO DE MATERIA - TERMINO TEMATICO
Término temático o nombre geográfico como elemento de entrada Organización taxonómica
650 ## - ASIENTO SECUNDARIO DE MATERIA - TERMINO TEMATICO
Término temático o nombre geográfico como elemento de entrada Literatura relevante
700 ## - ASIENTO SECUNDARIO - NOMBRE PERSONAL
Nombre personal Lombardo, Francesco
700 ## - ASIENTO SECUNDARIO - NOMBRE PERSONAL
Nombre personal Jantsch, José Lauro
942 ## - ELEMENTOS ADICIONALES (KOHA)
Tipo de ítem Informe Técnico
Sistema de clasificación Local
945 ## - PROCESAMIENTO LOCAL
AAAA-MM-DD - Fecha de ingreso o modificacion 2005-12-05
Existencias
Withdrawn status Lost status Sistema de Clasificación Damaged status No para préstamo Colección Inventariado Ubicación Permanente Ubicación actual Fecha de adquisición Fuente de Valor Total Checkouts Número topográfico Inventario / Código de Barras Date last seen Ejemplar Price effective from Forma de adquisición Tipo de material
    Local     Humboldt Inventariado 2017 Bogotá Bogotá 05/12/2005 CID Humboldt   IAVH-00475 022443 09/08/2024 Ej. 1 04/12/2012   Informe Técnico